Инферно (Запис номер 20794)
[ съкратено ]
| 000 -Лидер | |
|---|---|
| Контролно поле с фиксирана дължина | 01454nam a2200361 c 4500 |
| 003 - Код на организацията, давaща контролен номер | |
| Контролно поле | BLK |
| 005 - Дата и час на последна редакция | |
| Контролно поле | 20231128090351.0 |
| 008 - Елементи от данни с фиксирана дължина | |
| fixed length control field | 180413b bul|||||r ||||||| ||bul|| |
| 010 ## - Наследен системен номер | |
| LC control number | KNG00023036000 |
| 020 ## - Международен стандартен номер на книга ISBN | |
| Международен стандартен номер на книга ISBN | 954-8610-23-Х |
| -- | издат.: Лира Принт |
| 040 ## - Източник на каталожния запис | |
| Идентификатор на билиотеката - собственик на записа | BLK |
| 041 ## - Код за език | |
| Код за езика на текст/звукозапис или на отделно заглавие | Български |
| Код за езика КДБФ | Български |
| 080 ## - УДК | |
| Текстов определител УДК | Американска литература (на САЩ) |
| УДК код - определител по УДК | 821.111(73) |
| УДК определител | -312.9 |
| УДК - код + определител | 821.111(73)-312.9 |
| 100 1# - Редна дума - Автор | |
| Автор | Резник, Майк |
| Авторска отговорност | първи автор |
| R(LIN) | 243630 |
| 139 ## - Редно поле | |
| Редна дума | Резник, Майк |
| Авторски знак | Рез - Р 46 |
| 245 10 - Сведения за заглавието | |
| Заглавие | Инферно |
| Подзаглавни данни | Хроника на един далечен свят : Роман |
| Редно поле (дума) | Майк Резник; прев. Силвана Миланова. |
| 257 ## - Страна на издаване | |
| Страна на създаване/издаване | Съединени американски щати |
| 260 ## - Област на издателските данни | |
| -- | София |
| Име на издателя, разпространителя и проч. | Лира Принт |
| Година на издаване | 1998 |
| Печатница | София : Балкан прес |
| 300 ## - Физическа характеристика | |
| Страници | 176 с. |
| Размери/Мащаб | 20 см |
| 380 ## - Жанр | |
| Жанр | Худож. лит. |
| 490 1# - СЕРИИ (Колекции) | |
| Име на серия | Фантастика |
| 490 1# - СЕРИИ (Колекции) | |
| -- | Подсерия |
| Име на серия | Хроника на човешкия вид |
| №: серия | 7 |
| 500 ## - Общи забележки | |
| Забележка | Ориг. загл. Inferno / Mike Resnick. - 2 200 тир. |
| 653 ## - Ключова дума – ненормативна | |
| Ключова дума | фантастика |
| 653 ## - Ключова дума – ненормативна | |
| Ключова дума | романи |
| 700 ## - Други автори (авторска отговорност) | |
| Лично име | Миланова, Силвана Спасова |
| Дати, свързани с автора | 1961- |
| 9 (RLIN) | 486790 |
| 852 ## - Местоположение | |
| Форматна сигнатура | Цб 196486 |
| 856 4# - Електронен адрес и достъп | |
| Електронен формат | pdf - файл |
| Път до файла /url/ | |
| 856 4# - Електронен адрес и достъп | |
| Електронен формат | pdf - файл |
| Път до файла /url/ | |
| 942 ## - АРТИКУЛИ | |
| Вид на библиотечния материал | Книги |
| Скрит в OPAC | Не |
| Koha issues (borrowed), all copies | 1 |
| 944 ## - СЪЗДАВАНЕ И РЕДАКЦИЯ на ЗАПИСА | |
| Създаване/Редакция | Създаване |
| Дата на регистрацията/редакция | 15.01.2003 |
| Статус, дата на статуса | Теодора Пейчева-Дянкова |
| Служител, извършил регистрацията/редакцията | 30556 |
| 944 ## - СЪЗДАВАНЕ И РЕДАКЦИЯ на ЗАПИСА | |
| Създаване/Редакция | Редакция |
| Дата на регистрацията/редакция | 25.09.2017 |
| Статус, дата на статуса | ф / |
| Служител, извършил регистрацията/редакцията | Людмила_Стоянова |
| 999 ## - СИСТЕМНИ КОНТРОЛНИ НОМЕРА | |
| Koha biblionumber | 20794 |
| Koha biblioitemnumber | 20794 |
| Код за отписване | Код за изгубен артикул | Източник на класификационната схема | Код за повреда | Коз за рестрикции | Код за отдаване | Артикулен № | Име на библиотеката - собственик | Име на библиотеката, в която се намира в момента | Статус (Текущо местоположение) | Дата на вписване в системата | Местоположение - отдел | Цена в лева | Инвентарен номер | Систематично азбучна сигнатура | Баркод | Номер на екземпляра | Цена в евро | Служебна бележка | Служебен тип на артикула |
|---|---|---|---|---|---|---|---|---|---|---|---|---|---|---|---|---|---|---|---|
| Изтеглен | Не е изгубен | Universal Decimal Classification | Не е повреден | без рестрикции | заемане за дома | 34429 | Регионална библиотека "Любен Каравелов" Русе | Регионална библиотека "Любен Каравелов" Русе | Заемна - подръчен фонд | 2001-01-01 | Заемна - подръчен фонд | 2.90 | 639843 | П 820(73)-31/Р 46 | 639843 | 1 | 1.48 | Дост: Pk Вид: Ф N: стар фонд Дата: 01.01.1998 | Книги |
| Не е изгубен | Universal Decimal Classification | Не е повреден | без рестрикции | ползва се в читалня | 34430 | Регионална библиотека "Любен Каравелов" Русе | Регионална библиотека "Любен Каравелов" Русе | Хранилище | 2001-01-01 | Хранилище | 2.90 | 642150 | Цб 196486 | 120000642150 | 2 | 1.48 | Дост: Dp Вид: Д N: стар фонд Дата: 01.01.1998 | Книги | |
| Не е изгубен | Не е повреден | без рестрикции | заемане за дома | 34431 | Регионална библиотека "Любен Каравелов" Русе | Регионална библиотека "Любен Каравелов" Русе | Заемна - подръчен фонд | 2013-06-04 | Заемна - подръчен фонд | 2.90 | 120000766399 | П 820(73)-31/Р 46 | 120000766399 | 3 | 1.48 | Дост: DA Вид: А N: 9 Дата: 01.06.2013 Дата инв: 13.02.2018 Бележки инв: П2018 | Книги | ||
| Не е изгубен | Не е повреден | без рестрикции | заемане за дома | 34432 | Регионална библиотека "Любен Каравелов" Русе | Регионална библиотека "Любен Каравелов" Русе | Заемна - подръчен фонд | 2016-08-24 | Заемна - подръчен фонд | 12.00 | 120000803322 | П 820(73)-31/Р 46 | 120000803322 | 4 | 6.14 | Дост: DA Вид: А N: 32 Дата: 24.08.2016 Дата инв: 13.02.2018 Бележки инв: П2018 | Книги | ||
| Не е изгубен | Не е повреден | без рестрикции | заемане за дома | 34433 | Регионална библиотека "Любен Каравелов" Русе | Регионална библиотека "Любен Каравелов" Русе | Заемна - подръчен фонд | 2017-06-06 | Заемна - подръчен фонд | 12.00 | 120000812076 | П 820(73)-31/Р 46 | 120000812076 | 5 | 6.14 | Дост: DA Вид: А N: 24 Дата: 06.06.2017 Дата инв: 13.02.2018 Бележки инв: П2018 | Книги |